[Event "Kandidatklassen 1997"]
[Site "Esbjerg"]
[Date "1997.03.29"]
[Round "5"]
[White "Pedersen, Jan"]
[Black "Nielsen, Uffe V"]
[Result "1/2-1/2"]
[WhiteElo "2353"]
[BlackElo "2406"]
[PlyCount "36"]
[EventDate "1997.??.??"]

1. d4 Nf6 2. Nf3 c5 3. e3 g6 4. Be2 Bg7 5. O-O O-O 6. c4 cxd4 7. Nxd4 d5 8. Nc3
dxc4 9. Bxc4 a6 10. b4 Qc7 11. Qb3 b5 12. Be2 e5 13. Nf3 Be6 14. Qb2 Rc8 15.
Bd2 Nc6 16. Ng5 Bc4 17. Bxc4 bxc4 18. Nge4 Nxe4 1/2-1/2

[Event "Kandidatklassen 1997"]
[Site "Esbjerg"]
[Date "1997.03.29"]
[Round "5"]
[White "Matthiesen, Martin"]
[Black "Lauridsen, Jesper Morch"]
[Result "0-1"]
[WhiteElo "2219"]
[BlackElo "2286"]
[PlyCount "78"]
[EventDate "1997.??.??"]

1. d4 Nf6 2. c4 c5 3. d5 e6 4. Nc3 exd5 5. cxd5 d6 6. e4 g6 7. Nf3 a6 8. a4 Bg4
9. Be2 Bxf3 10. Bxf3 Bg7 11. O-O O-O 12. Bf4 Qe7 13. Re1 Nbd7 14. a5 Ne8 15.
Qd2 Bd4 16. Be3 Be5 17. g3 Nc7 18. Be2 Rfe8 19. Bf1 Qf6 20. Bg5 Qh8 21. Ra3 Nf6
22. f3 Rab8 23. Rb3 Nd7 24. Na4 Na8 25. Bh3 b5 26. axb6 Ndxb6 27. Nxb6 Bd4+ 28.
Be3 Bxe3+ 29. Rbxe3 Nxb6 30. Bf1 Qd4 31. Qxd4 cxd4 32. Rd3 Nd7 33. Rxd4 Rxb2
34. Bxa6 Ne5 35. Be2 Rxe2 36. Rxe2 Nxf3+ 37. Kf2 Nxd4 38. Rb2 Rxe4 39. Rb6 Nf5
0-1

[Event "Kandidatklassen 1997"]
[Site "Esbjerg"]
[Date "1997.03.29"]
[Round "5"]
[White "Vistisen, Lars"]
[Black "Hansen, Lars"]
[Result "0-1"]
[WhiteElo "2194"]
[BlackElo "2255"]
[PlyCount "80"]
[EventDate "1997.??.??"]

1. e4 e5 2. Nf3 Nf6 3. Nxe5 d6 4. Nxf7 Kxf7 5. d4 g6 6. Nc3 Qe8 7. f3 Bg7 8.
Be3 Rf8 9. Qd2 Kg8 10. Be2 a6 11. g4 b5 12. g5 Nh5 13. Nd5 Ra7 14. O-O-O c6 15.
Nf4 Nxf4 16. Bxf4 Rd7 17. Bg3 c5 18. d5 c4 19. Qe3 Qd8 20. h4 Qa5 21. Kb1 c3
22. b3 Qa3 23. Qc1 Qc5 24. h5 a5 25. hxg6 hxg6 26. a3 b4 27. a4 Ba6 28. Bxa6
Nxa6 29. Rd3 Qc7 30. Bf2 Nc5 31. Re3 Rdf7 32. Qd1 Rc8 33. Re2 Rxf3 34. e5 Nxb3
35. exd6 Qxd6 36. cxb3 c2+ 37. Rxc2 Rxb3+ 38. Kc1 Qf4+ 39. Qd2 Rxc2+ 40. Kxc2
Rb2+ 0-1

[Event "Kandidatklassen 1997"]
[Site "Esbjerg"]
[Date "1997.03.29"]
[Round "5"]
[White "Pedersen, Daniel Vesterbaek"]
[Black "Matthiesen, Arne"]
[Result "1/2-1/2"]
[WhiteElo "2317"]
[BlackElo "2269"]
[PlyCount "76"]
[EventDate "1997.??.??"]

1. d4 Nf6 2. c4 g6 3. Nc3 Bg7 4. Nf3 O-O 5. g3 d6 6. Bg2 Nbd7 7. O-O e5 8. e4
Re8 9. h3 c6 10. Re1 Qa5 11. d5 cxd5 12. cxd5 b5 13. a3 a6 14. Be3 Qd8 15. b4
Nb6 16. Nd2 Bd7 17. Ne2 Qb8 18. Nc1 Rc8 19. Ncb3 Ra7 20. Rc1 Rxc1 21. Qxc1 Rc7
22. Qb1 Nh5 23. Rc1 f5 24. Rxc7 Qxc7 25. Qc1 Nc4 26. Nxc4 bxc4 27. Na5 f4 28.
Bd2 fxg3 29. fxg3 Nxg3 30. Kh2 Nh5 31. Qxc4 Qb6 32. Qc3 Nf4 33. Be3 Qd8 34. Qe1
Bf6 35. Nc6 Qc8 36. Bxf4 exf4 37. e5 dxe5 38. Nxe5 Qe8 1/2-1/2

[Event "Kandidatklassen 1997"]
[Site "Esbjerg"]
[Date "1997.03.29"]
[Round "5"]
[White "Friis, Carsten Bank"]
[Black "Pedersen, Nicolai Vesterbaek"]
[Result "1-0"]
[WhiteElo "2268"]
[BlackElo "2303"]
[PlyCount "49"]
[EventDate "1997.??.??"]

1. d4 d5 2. c4 e6 3. Nc3 c6 4. Nf3 Nf6 5. cxd5 exd5 6. Bg5 Bf5 7. Qb3 Nbd7 8.
Qxb7 Rb8 9. Qxc6 Rxb2 10. a3 Rc2 11. Rc1 Bxa3 12. Rxc2 Bxc2 13. Nxd5 Qa5+ 14.
Bd2 Qxd5 15. Qxc2 Ne4 16. e3 Nxd2 17. Nxd2 O-O 18. Bd3 Qxg2 19. Bxh7+ Kh8 20.
Be4 Qg5 21. Qc7 Nf6 22. Qg3 Nxe4 23. Nxe4 Qb5 24. Qh4+ Kg8 25. Nf6+ 1-0

[Event "Kandidatklassen 1997"]
[Site "Esbjerg"]
[Date "1997.03.30"]
[Round "6"]
[White "Vistisen, Lars"]
[Black "Pedersen, Daniel Vesterbaek"]
[Result "1-0"]
[WhiteElo "2194"]
[BlackElo "2317"]
[PlyCount "77"]
[EventDate "1997.??.??"]

1. e4 e5 2. Nf3 Nc6 3. d4 exd4 4. Nxd4 Nf6 5. Nxc6 bxc6 6. e5 Qe7 7. Qe2 Nd5 8.
c4 Nb6 9. b3 g6 10. Bb2 Bg7 11. g3 Ba6 12. Bg2 d5 13. O-O O-O 14. Nd2 Rab8 15.
Rac1 Rfe8 16. Rfe1 Qe6 17. cxd5 Qc8 18. Qe3 cxd5 19. Qc5 Na4 20. bxa4 Rxb2 21.
Qc3 Qb8 22. Nb3 Rxa2 23. Bxd5 Re2 24. Qf3 Rxe1+ 25. Rxe1 Rxe5 26. Qxf7+ Kh8 27.
Rxe5 Bxe5 28. Qe6 c6 29. Qxc6 Bd3 30. Be4 Be2 31. Nc5 Bg4 32. Nd7 Bxd7 33. Qxd7
Qc7 34. Qe8+ Kg7 35. Kg2 Qf7 36. Qxe5+ Qf6 37. Qxf6+ Kxf6 38. Kf3 Ke5 39. Ke3
1-0

[Event "Kandidatklassen 1997"]
[Site "Esbjerg"]
[Date "1997.03.30"]
[Round "6"]
[White "Lauridsen, Jesper Morch"]
[Black "Hansen, Lars"]
[Result "1-0"]
[WhiteElo "2286"]
[BlackElo "2255"]
[PlyCount "67"]
[EventDate "1997.??.??"]

1. Nf3 g6 2. e4 Bg7 3. d4 d6 4. Nc3 a6 5. Bg5 b5 6. Qd2 Bb7 7. O-O-O Nd7 8. Bd3
c5 9. dxc5 Nxc5 10. Rhe1 Qa5 11. Kb1 Bxc3 12. Qxc3 Qxc3 13. bxc3 Na4 14. Bd2
Rc8 15. Re3 Nf6 16. Nd4 Ng4 17. Rf3 f5 18. Re1 Nf6 19. Rfe3 fxe4 20. f3 e5 21.
fxe4 exd4 22. cxd4 Kd7 23. Rf3 Ne8 24. Ba5 Kc6 25. c3 Ba8 26. c4 Nc7 27. Rf7
Rhf8 28. Rxh7 Kb7 29. Rg7 Rg8 30. Rh7 Kb8 31. Rf1 Bc6 32. Rff7 bxc4 33. Bc2 Ne6
34. Bxa4 1-0

[Event "Kandidatklassen 1997"]
[Site "Esbjerg"]
[Date "1997.03.30"]
[Round "6"]
[White "Friis, Carsten Bank"]
[Black "Holmsgaard, Henrik"]
[Result "1/2-1/2"]
[WhiteElo "2268"]
[BlackElo "2261"]
[PlyCount "33"]
[EventDate "1997.??.??"]

1. d4 d5 2. c4 c6 3. Nc3 Nf6 4. Nf3 dxc4 5. a4 Bf5 6. e3 e6 7. Bxc4 Bb4 8. O-O
O-O 9. Qe2 Bg4 10. h3 Bxf3 11. Qxf3 Nbd7 12. Rd1 Qa5 13. Bd2 e5 14. Be1 Rad8
15. Bb3 Rfe8 16. Qf5 exd4 17. Qxa5 1/2-1/2

[Event "Kandidatklassen 1997"]
[Site "Esbjerg"]
[Date "1997.03.30"]
[Round "6"]
[White "Pedersen, Jan"]
[Black "Holst, Allan"]
[Result "1/2-1/2"]
[WhiteElo "2353"]
[BlackElo "2315"]
[PlyCount "37"]
[EventDate "1997.??.??"]

1. e4 e5 2. Nc3 Nf6 3. g3 d5 4. exd5 Nxd5 5. Bg2 Nxc3 6. bxc3 Bd6 7. Ne2 Nd7 8.
O-O O-O 9. d3 Rb8 10. c4 b6 11. Nc3 Bb7 12. Nb5 Bxg2 13. Kxg2 Qc8 14. Qf3 Qb7
15. Nxd6 cxd6 16. Ba3 Nc5 17. Qxb7 Rxb7 18. Rab1 Rc8 19. Rb5 1/2-1/2

[Event "Kandidatklassen 1997"]
[Site "Esbjerg"]
[Date "1997.03.30"]
[Round "6"]
[White "Matthiesen, Martin"]
[Black "Christiansen, Jens Jorgen"]
[Result "1-0"]
[WhiteElo "2219"]
[BlackElo "2234"]
[PlyCount "110"]
[EventDate "1997.??.??"]

1. e4 d6 2. d4 Nf6 3. Nc3 g6 4. Nf3 Bg7 5. h3 a6 6. a4 b6 7. Bc4 O-O 8. O-O Bb7
9. e5 dxe5 10. dxe5 Ne4 11. Nxe4 Bxe4 12. Qe2 Bxf3 13. Qxf3 Nd7 14. e6 fxe6 15.
Bxe6+ Kh8 16. Qc6 Ne5 17. Qe4 Qd6 18. Bb3 c5 19. Be3 Rad8 20. Rad1 Qc7 21. c3
Nf7 22. Rxd8 Qxd8 23. a5 Nd6 24. Qc6 Qc8 25. Qxc8 Rxc8 26. axb6 Rc6 27. Bd5
Rxb6 28. b4 Rb8 29. bxc5 Nf5 30. Bd2 Rd8 31. c4 e6 32. Ba5 Rc8 33. Bxe6 Rxc5
34. Bb4 Rc6 35. Bd5 Rb6 36. Ba5 Rb2 37. Rc1 Nd4 38. Rd1 Rc2 39. Re1 Bf6 40. Bb6
Kg7 41. Kf1 Nb3 42. Kg1 a5 43. Re8 Bd4 44. Re7+ Kh8 45. Re8+ Kg7 46. Re7+ Kh8
47. Bxd4+ Nxd4 48. Ra7 Rc1+ 49. Kh2 Nb3 50. g4 Rc2 51. Kg3 Nd2 52. Kf4 h6 53.
Ke5 Nxc4+ 54. Kf6 Rxf2+ 55. Kxg6 Nb6 1-0

[Event "Kandidatklassen 1997"]
[Site "Esbjerg"]
[Date "1997.03.30"]
[Round "6"]
[White "Nielsen, Uffe V"]
[Black "Lindfeldt, Jan Magnus"]
[Result "0-1"]
[WhiteElo "2406"]
[BlackElo "2214"]
[PlyCount "82"]
[EventDate "1997.??.??"]

1. e4 e5 2. Bc4 Nf6 3. d3 Nc6 4. Nf3 Bc5 5. c3 Bb6 6. Nbd2 d5 7. Bb5 Qe7 8. O-O
dxe4 9. dxe4 O-O 10. h3 Bd7 11. Qe2 Nh5 12. Nc4 Ng3 13. Qe1 Nxf1 14. Qxf1 f6
15. Ne3 Bxe3 16. Bxe3 a6 17. Ba4 b5 18. Bc2 Be6 19. b4 Qf7 20. Nd2 Nd8 21. g3
Nb7 22. f4 Qd7 23. f5 Bf7 24. Nb3 Qc6 25. Nc5 Nxc5 26. Bxc5 Rfd8 27. Qg2 a5 28.
a3 Bc4 29. g4 Rd7 30. Kh1 axb4 31. cxb4 Kh8 32. h4 Rad8 33. Be3 Bd3 34. Rc1 Qc3
35. Qf2 Qxa3 36. g5 Qxb4 37. Qg2 Bxc2 38. Qxc2 Rd3 39. gxf6 Qxe4+ 40. Kh2 Qxh4+
41. Kg2 gxf6 0-1

[Event "Kandidatklassen 1997"]
[Site "Esbjerg"]
[Date "1997.03.30"]
[Round "6"]
[White "Matthiesen, Arne"]
[Black "Pedersen, Nicolai Vesterbaek"]
[Result "0-1"]
[WhiteElo "2269"]
[BlackElo "2303"]
[PlyCount "122"]
[EventDate "1997.??.??"]

1. d4 d5 2. c4 e6 3. Nc3 c6 4. e3 f5 5. g4 fxg4 6. Qxg4 Nf6 7. Qg2 Bd6 8. Nf3
Nbd7 9. Rg1 g6 10. Bd3 Qe7 11. Bd2 b6 12. e4 dxc4 13. Bxc4 b5 14. Bb3 e5 15.
dxe5 Nxe5 16. Nxe5 Bxe5 17. f4 Bd4 18. Rf1 Bb7 19. O-O-O O-O-O 20. e5 Bxc3 21.
Bxc3 Rxd1+ 22. Rxd1 Nd5 23. Bd2 Rf8 24. Qe4 Kb8 25. Be3 Qe6 26. Qd4 c5 27. Qd2
c4 28. Bc2 c3 29. Qd4 Nxe3 30. Qxe3 Qxa2 31. Qxc3 Rc8 32. Qb4 Qc4 33. Qxc4 Rxc4
34. Re1 Kc7 35. e6 Kd8 36. Kb1 Rxf4 37. Rd1+ Ke8 38. Rd7 Be4 39. Bxe4 Rxe4 40.
Rxa7 h5 41. Rb7 Rxe6 42. Rxb5 Re2 43. h3 Re3 44. h4 Re4 45. Rb7 Rxh4 46. Kc2
Re4 47. b4 Re7 48. Rb6 Kf7 49. b5 Re6 50. Ra6 Re5 51. b6 Rb5 52. Kc3 h4 53. Ra4
Rxb6 54. Rxh4 g5 55. Rd4 Ke6 56. Kd3 Ke5 57. Re4+ Kf5 58. Re1 Rd6+ 59. Kc4 g4
60. Kc5 Rd8 61. Rf1+ Ke4 0-1

[Event "Kandidatklassen 1997"]
[Site "Esbjerg"]
[Date "1997.03.31"]
[Round "7"]
[White "Vistisen, Lars"]
[Black "Christiansen, Jens Jorgen"]
[Result "0-1"]
[WhiteElo "2194"]
[BlackElo "2234"]
[PlyCount "72"]
[EventDate "1997.??.??"]

1. e4 c6 2. d4 d5 3. e5 c5 4. dxc5 Nc6 5. Nf3 Bg4 6. b4 Nxb4 7. Nc3 Nc6 8. Rb1
Qd7 9. Nb5 a6 10. Nbd4 e6 11. Ba3 Nge7 12. Qd2 g6 13. Qf4 Bxf3 14. Nxf3 Bg7 15.
Bd3 Qc7 16. O-O Nxe5 17. Nxe5 Bxe5 18. Qa4+ Nc6 19. f4 Bd4+ 20. Kh1 O-O 21. f5
exf5 22. Rb6 Bg7 23. Qb3 Rab8 24. Qxd5 Rfd8 25. Qf3 Ne5 26. Qg3 Rbc8 27. Rd6
Qa5 28. Bxf5 gxf5 29. Rxf5 Ng6 30. Rxf7 Kxf7 31. Qb3+ Kf8 32. Bb4 Qb5 33. c4
Qe8 34. c6 Rxd6 35. Bxd6+ Kg8 36. Bg3 Qxc6 0-1

[Event "Kandidatklassen 1997"]
[Site "Esbjerg"]
[Date "1997.03.31"]
[Round "7"]
[White "Pedersen, Nicolai Vesterbaek"]
[Black "Holst, Allan"]
[Result "1/2-1/2"]
[WhiteElo "2303"]
[BlackElo "2315"]
[PlyCount "45"]
[EventDate "1997.??.??"]

1. e4 e6 2. d4 d5 3. Nc3 dxe4 4. Nxe4 Bd7 5. Nf3 Bc6 6. Bd3 Nd7 7. O-O Ngf6 8.
Ng3 Be7 9. c4 O-O 10. b3 Re8 11. Bb2 a5 12. a3 Bf8 13. Re1 g6 14. h4 Bg7 15. h5
Bxf3 16. Qxf3 c6 17. hxg6 hxg6 18. Qf4 Qb8 19. Qg5 Nh7 20. Qd2 Nhf6 21. Qg5 Nh7
22. Qd2 Nhf6 23. Qg5 1/2-1/2

[Event "Kandidatklassen 1997"]
[Site "Esbjerg"]
[Date "1997.03.31"]
[Round "7"]
[White "Holmsgaard, Henrik"]
[Black "Lindfeldt, Jan Magnus"]
[Result "1-0"]
[WhiteElo "2261"]
[BlackElo "2214"]
[PlyCount "97"]
[EventDate "1997.??.??"]

1. e4 c5 2. Nf3 d6 3. d4 cxd4 4. Nxd4 Nf6 5. Nc3 g6 6. Be3 Bg7 7. f3 O-O 8. Qd2
Nc6 9. O-O-O Nxd4 10. Bxd4 a6 11. g4 b5 12. h4 b4 13. Nd5 e6 14. Nxb4 d5 15. g5
Nh5 16. Bxg7 Kxg7 17. exd5 a5 18. Nc6 Qd6 19. Qc3+ f6 20. dxe6 Qf4+ 21. Kb1
Bxe6 22. Nd4 Bd5 23. Bc4 Bxc4 24. Qxc4 Kh8 25. Qd5 Rfd8 26. Qxd8+ Rxd8 27. Ne6
Rxd1+ 28. Rxd1 Qb8 29. Rd8+ Qxd8 30. Nxd8 fxg5 31. hxg5 Nf4 32. c3 Kg7 33. b4
axb4 34. cxb4 Kf8 35. a4 Ke7 36. Nb7 Nd5 37. b5 Nc3+ 38. Kc2 Nxa4 39. Kb3 Nb6
40. Kb4 Kd7 41. Kc5 Na4+ 42. Kd4 Nb2 43. Nc5+ Kd6 44. Ne4+ Kc7 45. Nf6 Nd1 46.
Nxh7 Nf2 47. Nf8 Nh3 48. Ke5 Kb6 49. f4 1-0

[Event "Kandidatklassen 1997"]
[Site "Esbjerg"]
[Date "1997.03.31"]
[Round "7"]
[White "Hansen, Lars"]
[Black "Matthiesen, Martin"]
[Result "1-0"]
[WhiteElo "2255"]
[BlackElo "2219"]
[PlyCount "79"]
[EventDate "1997.??.??"]

1. d4 Nf6 2. Nf3 e6 3. c3 c5 4. Bg5 Be7 5. Nbd2 cxd4 6. cxd4 h6 7. Bh4 b6 8. e4
Bb7 9. Bd3 d6 10. O-O O-O 11. Qe2 Nh5 12. Bxe7 Qxe7 13. Rfc1 Nf4 14. Qe3 Nxd3
15. Qxd3 Na6 16. Qa3 Rfe8 17. Rc3 Rac8 18. Rxc8 Rxc8 19. e5 Qd7 20. exd6 Rd8
21. Nc4 Qb5 22. Rc1 Qb4 23. Qe3 Bd5 24. Nfe5 Nb8 25. b3 f6 26. Nd3 Qb5 27. Nf4
Qd7 28. Re1 Nc6 29. Qd3 b5 30. Ne3 Qxd6 31. Nfxd5 exd5 32. Qxb5 Nxd4 33. Qb7
Qd7 34. Qxd7 Rxd7 35. Rd1 Ne2+ 36. Kf1 Nc3 37. Rd2 Kf7 38. a3 a5 39. Rd3 d4 40.
Nc2 1-0

[Event "Kandidatklassen 1997"]
[Site "Esbjerg"]
[Date "1997.03.31"]
[Round "7"]
[White "Lauridsen, Jesper Morch"]
[Black "Matthiesen, Arne"]
[Result "1/2-1/2"]
[WhiteElo "2286"]
[BlackElo "2269"]
[PlyCount "186"]
[EventDate "1997.??.??"]

1. e4 e6 2. d4 d5 3. e5 c5 4. c3 Bd7 5. Nf3 Nc6 6. Be2 Nge7 7. O-O Nf5 8. Na3
cxd4 9. cxd4 Qb6 10. Nc2 Be7 11. g4 Nh4 12. Nxh4 Bxh4 13. b4 Be7 14. a3 Rc8 15.
Be3 Nd8 16. f4 Bb5 17. f5 Kd7 18. fxe6+ fxe6 19. Ne1 Bxe2 20. Qxe2 Qa6 21. Qd2
Rf8 22. Rxf8 Bxf8 23. Nd3 Qc4 24. Rf1 Be7 25. Nc5+ Bxc5 26. bxc5 Kc7 27. Rf8
Qb3 28. Rg8 Qb1+ 29. Kg2 Qe4+ 30. Kg3 Nc6 31. Rxg7+ Kb8 32. Rf7 a5 33. Rf4 Qb1
34. Kg2 Qb3 35. Qc1 Rg8 36. h3 h5 37. Kh2 hxg4 38. hxg4 a4 39. Kg2 Na5 40. Bd2
Nc4 41. Qc3 Qd1 42. Be1 Rxg4+ 43. Rxg4 Qxg4+ 44. Kf2 Qd1 45. Kf1 Qb3 46. Ke2
Qxc3 47. Bxc3 Nxa3 48. Kd3 Nb5 49. Bb2 Ka7 50. Bc3 Nxc3 51. Kxc3 Ka6 52. Kb4 a3
53. Kxa3 Ka5 54. Kb3 Kb5 55. Ka3 Kc4 56. Ka4 Kxd4 57. Kb5 Kxe5 58. Kb6 d4 59.
Kxb7 d3 60. c6 d2 61. c7 d1=Q 62. c8=Q Qb3+ 63. Ka6 Qd5 64. Qh8+ Ke4 65. Qh1+
Kd4 66. Qg1+ Kc4 67. Qc1+ Kb4 68. Qb2+ Kc5 69. Qb6+ Kc4 70. Qc7+ Kd3 71. Qg3+
Kd4 72. Qg1+ Ke5 73. Qg5+ Ke4 74. Qg4+ Ke3 75. Qg1+ Kf4 76. Qh2+ Kg5 77. Qg3+
Kf6 78. Qh4+ Qg5 79. Qh8+ Kf7 80. Qh7+ Qg7 81. Qh5+ Qg6 82. Qe5 Qf6 83. Qc7+
Qe7 84. Qf4+ Ke8 85. Qe5 Qa3+ 86. Kb5 Kd7 87. Qg7+ Qe7 88. Qd4+ Ke8 89. Qh8+
Qf8 90. Qh5+ Kd8 91. Kc6 Ke7 92. Qc5+ Ke8 93. Qxf8+ Kxf8 1/2-1/2

[Event "Kandidatklassen 1997"]
[Site "Esbjerg"]
[Date "1997.03.31"]
[Round "7"]
[White "Friis, Carsten Bank"]
[Black "Pedersen, Jan"]
[Result "1/2-1/2"]
[WhiteElo "2268"]
[BlackElo "2353"]
[PlyCount "51"]
[EventDate "1997.??.??"]

1. d4 c5 2. c3 e6 3. Nf3 Nf6 4. Bf4 Qb6 5. Qb3 Qxb3 6. axb3 Nc6 7. e3 Nh5 8.
Bg3 Nxg3 9. hxg3 cxd4 10. exd4 d5 11. Bd3 Be7 12. Nbd2 h6 13. b4 Bd6 14. g4 e5
15. dxe5 Nxe5 16. Nxe5 Bxe5 17. Bb5+ Bd7 18. Bxd7+ Kxd7 19. O-O a6 20. Nf3 Bf6
21. Ra5 b5 22. Rfa1 Rhe8 23. Rxa6 Rxa6 24. Rxa6 Re2 25. Rb6 Rxb2 26. Rxb5
1/2-1/2